| 000 | 01281nam a22002537a 4500 | ||
|---|---|---|---|
| 005 | 2009072001441.0 | ||
| 008 | 090714t xxu||||| |||| 00| 0 hin d | ||
| 010 | _aHIN-87343 | ||
| 020 |
_c300.00 _a9788187775297 |
||
| 035 | _aHN-59689 | ||
| 037 | _bDBAD / PUB | ||
| 040 |
_adpl _bhn |
||
| 082 | _a923.154 | ||
| 100 | _aत्रिपाठी, कन्हैया | ||
| 245 |
_aसतह से शिखर तक भारत के राष्ट्रपति / _cकन्हैया त्रिपाठी |
||
| 246 |
_aSataha se shikhara taka : Bharat ke Raashtraapati _bby Kanhiya Tripathi |
||
| 260 |
_aनई दिल्ली _bआकाशदीप पब्लिकेशंस _c2009 |
||
| 270 |
_a1/1073-डी, महरौली, _bनई दिल्ली _e110030 |
||
| 300 |
_a239पृ. _c22सेमी (सजिल्द) |
||
| 650 |
_aराष्ट्रपति _xजीवनी _zभारत |
||
| 650 |
_aPresidents _xBiography _zIndia |
||
| 942 |
_2ddc _cHN _mत्रिपाठी _h923.154 |
||
| 999 |
_c28433 _d28433 |
||